00727nam a2200241 a 4500001001300000003000900013005001700022008004100039020002200080082001800102100002300120245003900143260005200182300001000234500003500244505001000279650001200289700002300301902000800324942000700332952012900339999001700468nice12345678IN_TiNIC20260116014544.0140917s2009 myla grp 000 0 eng  a8178231735 c7500a294.5921bSAT aSatprakashananda,  aUniverse, God, and God-Realization aMylapore, Chennai bSri Ramakrishna Math c2009 a308p  aincludes index and biblioraphy2 aindex aVedanta1 aSatprakashananda,  bSRS cBK 001040708StackRoom-aHMIbHMId2005-01-01g75.00l1o294.5921 SATp024723r2019-02-27s2019-02-25v75.00w2014-09-17yBK c15949d15949